[Event "Berlin-ch Seniors op 34th"]
[Site "Berlin"]
[Date "2018.02.03"]
[Round "5"]
[White "Hirr, Rudi"]
[Black "Stock, Joachim"]
[Result "1/2-1/2"]
[WhiteElo "1745"]
[BlackElo "1575"]
[PlyCount "77"]
[EventDate "2018.01.30"]
[EventType "swiss"]
[EventRounds "9"]
[EventCountry "GER"]
[SourceTitle "EXT 2020"]
[Source "ChessBase"]
[SourceDate "2019.10.17"]
[SourceVersion "1"]
[SourceVersionDate "2019.10.17"]
[SourceQuality "1"]

1. Nf3 Nc6 2. d4 d5 3. c4 Nf6 4. Nc3 Bg4 5. cxd5 Nxd5 6. Qb3 Nb6 7. d5 Nb8 8. Ne5 Bh5 9. e4 f6 10. Bb5+ N8d7 11. Nxd7 Nxd7 12. Bxd7+ Qxd7 13. Qxb7 Rc8 14. Qxa7 e5 15. dxe6 Qxe6 16. 0-0 Be7 17. Qa4+ c6 18. Bf4 0-0 19. Qb3 Qxb3 20. axb3 Bf7 21. Ra7 Rfe8 22. Rb7 Bc5 23. b4 Bd4 24. Bd6 Bxc3 25. bxc3 Rxe4 26. f3 Re3 27. Rc1 h5 28. Bc5 Re2 29. Rd1 Ra8 30. Ra7 Rxa7 31. Bxa7 Kh7 32. Rd6 Be8 33. Kf1 Rc2 34. Bd4 h4 35. Rd8 Bf7 36. Rd7 Bc4+ 37. Kg1 Rc1+ 38. Kf2 Kg6 39. Rd6 1/2-1/2

[Event "Berlin-ch Seniors op 33rd"]
[Site "Berlin"]
[Date "2017.02.06"]
[Round "6"]
[White "Hirr, Rudi"]
[Black "Ebert, Lothar"]
[Result "0-1"]
[WhiteElo "1774"]
[BlackElo "1609"]
[PlyCount "84"]
[EventDate "2017.01.31"]
[EventType "swiss"]
[EventRounds "9"]
[EventCountry "GER"]
[SourceTitle "EXT 2019"]
[Source "ChessBase"]
[SourceDate "2018.10.10"]
[SourceVersion "1"]
[SourceVersionDate "2018.10.10"]
[SourceQuality "1"]

1. Nf3 Nc6 2. d4 d5 3. g3 Nf6 4. Bg2 Bf5 5. c3 h6 6. 0-0 e6 7. Re1 Bd6 8. Qb3 Rb8 9. Nbd2 0-0 10. c4 Bb4 11. a3 Bxd2 12. Bxd2 Ne4 13. cxd5 Nxd2 14. Nxd2 Nxd4 15. Qa4 Nc2 16. e4 Nxe1 17. Rxe1 Bg6 18. Qxa7 c6 19. Qc5 cxd5 20. exd5 b6 21. Qb5 Qd6 22. Nc4 Qc5 23. Qxc5 bxc5 24. dxe6 fxe6 25. Rxe6 Bf7 26. Re4 Bd5 27. Rh4 Bxc4 28. Rxc4 Rxb2 29. Bd5+ Kh8 30. f3 Rb1+ 31. Kg2 Ra1 32. a4 Rc8 33. Be4 Ra2+ 34. Kh3 Rc7 35. Bf5 Ra3 36. Re4 Kg8 37. Bg6 Rxf3 38. Re8+ Rf8 39. Bh7+ Kxh7 40. Rxf8 Kg6 41. Kg4 c4 42. Kf3 c3 0-1

[Event "GER-ch48 sf03 email"]
[Site "GER email"]
[Date "2016.07.03"]
[Round "?"]
[White "Fritsche, Frank"]
[Black "Hirr, Rudi"]
[Result "0-1"]
[WhiteElo "2328"]
[BlackElo "2426"]
[PlyCount "84"]
[EventDate "2016.??.??"]
[EventType "tourn (corr)"]
[EventRounds "12"]
[EventCountry "GER"]
[SourceTitle "Corr 2017"]
[Source "ChessBase"]
[SourceDate "2017.09.19"]
[SourceVersion "1"]
[SourceVersionDate "2017.09.19"]
[SourceQuality "1"]

1. d4 Nf6 2. c4 g6 3. Nc3 Bg7 4. e4 d6 5. Nf3 0-0 6. Be2 e5 7. 0-0 Nc6 8. d5 Ne7 9. Ne1 Nd7 10. f3 f5 11. Be3 f4 12. Bf2 g5 13. Nd3 Nf6 14. c5 Ng6 15. Rc1 Rf7 16. Kh1 Bf8 17. Rg1 h5 18. g3 fxg3 19. Rxg3 Rg7 20. Qd2 Nf4 21. Nxf4 exf4 22. Rgg1 Nd7 23. c6 bxc6 24. dxc6 Ne5 25. Nd5 Kh7 26. Bd4 Be6 27. b4 Be7 28. b5 Bxd5 29. exd5 Bf6 30. a4 Ng6 31. Bd3 Bxd4 32. Bxg6+ Kxg6 33. Qxd4 Qf6 34. Qe4+ Kh6 35. Rce1 Rg6 36. Qe7 Qc3 37. Rgf1 Qd2 38. Qf7 Rag8 39. Qf5 h4 40. h3 Qc3 41. Re7 R8g7 42. Rd7 Qe3 0-1

[Event "GER-ch48 sf03 email"]
[Site "GER email"]
[Date "2016.07.03"]
[Round "?"]
[White "Hirr, Rudi"]
[Black "Fabig, Holger"]
[Result "1/2-1/2"]
[WhiteElo "2426"]
[BlackElo "2266"]
[PlyCount "58"]
[EventDate "2016.??.??"]
[EventType "tourn (corr)"]
[EventRounds "12"]
[EventCountry "GER"]
[SourceTitle "Corr 2017"]
[Source "ChessBase"]
[SourceDate "2017.09.19"]
[SourceVersion "1"]
[SourceVersionDate "2017.09.19"]
[SourceQuality "1"]

1. Nf3 f5 2. d4 Nf6 3. g3 e6 4. Bg2 d5 5. c4 c6 6. 0-0 Bd6 7. Nc3 0-0 8. Qb3 Nbd7 9. Bf4 Bxf4 10. gxf4 Ne4 11. e3 Rf6 12. Rfc1 Rh6 13. Rc2 Nb6 14. Nxe4 fxe4 15. Ne5 Nd7 16. cxd5 Nxe5 17. dxe5 exd5 18. Bxe4 Be6 19. Bd3 c5 20. Rd2 Qe7 21. Qd1 Rf8 22. f3 Rh4 23. Kh1 Kh8 24. Rc1 b6 25. Qe2 g5 26. f5 Bxf5 27. Bxf5 Rxf5 28. Rxd5 Rxe5 29. Rxe5 Qxe5 1/2-1/2

[Event "GER-ch48 sf03 email"]
[Site "GER email"]
[Date "2016.07.03"]
[Round "?"]
[White "Hirr, Rudi"]
[Black "Isigkeit, Hans Juergen"]
[Result "1/2-1/2"]
[WhiteElo "2426"]
[BlackElo "2390"]
[PlyCount "81"]
[EventDate "2016.??.??"]
[EventType "tourn (corr)"]
[EventRounds "12"]
[EventCountry "GER"]
[SourceTitle "Corr 2017"]
[Source "ChessBase"]
[SourceDate "2017.09.19"]
[SourceVersion "1"]
[SourceVersionDate "2017.09.19"]
[SourceQuality "1"]

1. d4 d5 2. c4 c6 3. Nf3 Nf6 4. Nc3 e6 5. Bg5 h6 6. Bh4 dxc4 7. e4 g5 8. Bg3 b5 9. Be2 Bb4 10. Qc2 Bb7 11. Rd1 Nbd7 12. 0-0 a6 13. Ne5 Nxe5 14. Bxe5 0-0 15. Bf3 Nd7 16. a3 Bxc3 17. Qxc3 Qe7 18. Bc7 f5 19. exf5 exf5 20. d5 cxd5 21. Rxd5 Bxd5 22. Bxd5+ Kh7 23. Re1 Qf6 24. Bxa8 Rxa8 25. Qf3 Ra7 26. Ba5 Nf8 27. Bc3 g4 28. Qxg4 fxg4 29. Bxf6 Kg6 30. Bc3 Rd7 31. Kf1 Rd6 32. Bb4 Rf6 33. Rd1 h5 34. a4 bxa4 35. Ra1 Nh7 36. Rxa4 Ng5 37. Bd2 Ne4 38. Be3 Rc6 39. Ra5 Rd6 40. Ra3 Rc6 41. Ra1 1/2-1/2

[Event "Berlin-ch Seniors op 32nd"]
[Site "Berlin"]
[Date "2016.01.26"]
[Round "1"]
[White "Kapr, Klaus"]
[Black "Hirr, Rudi"]
[Result "1-0"]
[WhiteElo "2006"]
[BlackElo "1745"]
[PlyCount "137"]
[EventDate "2016.01.26"]
[EventType "swiss"]
[EventRounds "9"]
[EventCountry "GER"]
[SourceTitle "EXT 2019"]
[Source "ChessBase"]
[SourceDate "2018.10.10"]
[SourceVersion "1"]
[SourceVersionDate "2018.10.10"]
[SourceQuality "1"]

1. e4 e6 2. d4 d5 3. Nc3 Bb4 4. Bd2 Ne7 5. e5 c5 6. f4 Nbc6 7. dxc5 Bxc5 8. Nh3 Bd7 9. Ng5 Qb6 10. Bd3 Bf2+ 11. Kf1 Bh4 12. Nh3 Ng6 13. Qg4 Be7 14. Ng5 Bxg5 15. Qxg5 Qd8 16. Qg3 a6 17. h4 Rg8 18. h5 Nf8 19. Rd1 Nb4 20. a3 Nxd3 21. Qxd3 Qb6 22. Be3 Qxb2 23. Kg1 Rc8 24. Bd4 Qxa3 25. Ne4 Qxd3 26. Nd6+ Ke7 27. Nxc8+ Bxc8 28. Rxd3 Nd7 29. Kf2 Nb8 30. Bc5+ Ke8 31. h6 g6 32. Rb1 Nc6 33. Rb6 g5 34. Rg3 g4 35. Rb1 Ne7 36. Rc3 Nf5 37. Bb6 Bd7 38. Rc7 Nxh6 39. Rxb7 Bb5 40. Bc5 Kd8 41. Rb8+ Kd7 42. Rxg8 Nxg8 43. Rh1 Kc6 44. Bf8 h6 45. Ke3 Kd7 46. Kd4 Ke8 47. Bxh6 Nxh6 48. Rxh6 Bf1 49. g3 Kf8 50. Rh8+ Kg7 51. Rh4 Be2 52. Ke3 Bf3 53. c3 a5 54. Kd2 f6 55. exf6+ Kxf6 56. Rh6+ Kf5 57. Rh7 e5 58. Rh5+ Kf6 59. Rxe5 Kf7 60. Re1 Kf6 61. Ra1 Kf5 62. Rxa5 Kf6 63. Ke3 Ke6 64. Kd4 Kd6 65. Ra6+ Ke7 66. Ke5 Kf7 67. Ra7+ Ke8 68. f5 Be4 69. f6 1-0